Представление документа в формате RUSMARC

ПолеНазваниеЗначение
  Тип записи a
  Библиографический уровень m
001 Контрольный номер 128b1b283803454a9abe15ee222797b8
005 Дата корректировки 20170218104906.6
010 Индекс ISBN __
a ISBN 978-5-394-02006-3
101 Язык документа 0_
a Язык текста rus
102 Страна публикации __
a Страна публикации RU
200 Заглавие и сведения об ответственности 1_
a Заглавие Финансы и кредит
e Сведения, относящиеся к заглавию учеб. для вузов
b Общее обозначение материала Текст
f Первые сведения об ответственности Нешитой А.С.
205 Сведения об издании __
a Основные сведения об издании 6-е изд., перераб. и доп.
210 Выходные данные 1_
c Издательство Дашков и К
d Дата издания 2013
a Место издания Москва
215 Физическое описание __
a Объем 576 с.
610 Ключевые слова 0_
a Ключевые слова учебник
610 Ключевые слова 0_
a Ключевые слова финансовая система
610 Ключевые слова 0_
a Ключевые слова финансовая политика
610 Ключевые слова 0_
a Ключевые слова денежная система
610 Ключевые слова 0_
a Ключевые слова кредитная система
610 Ключевые слова 0_
a Ключевые слова финансы населения
610 Ключевые слова 0_
a Ключевые слова бюджет
610 Ключевые слова 0_
a Ключевые слова финансовый рынок
686 Индексы других классификаций __
a Классификационный индекс 65.9(2)26я73
2 Код системы rubbk
700 Автор _1
a Фамилия Нешитой
b Имя А.С.
g Полное личное имя Анатолий Семенович
801 Источник записи _0
a Страна RU
b Организация РУК
c Дата составления 20131004
g Правила каталогизации PSBO
801 Источник записи _1
a Страна RU
b Организация РУК
c Дата составления 20131004
g Правила каталогизации PSBO
852 Данные о местонахождении __
j Шифр хранения ББК 65.9(2)26
i Авторский знак Н 59
901 Тип документа __
t Тип документа m
938 Служебная информация __
a Название организации Головной вуз
b Имя БД BOOK
c Название АИБС АИБС ИРБИС
952 Тип литературы __
b Гриф литературы для ВШ гриф
c Вид литературы учебник